The rise of china : (Record no. 15039)

000 -LEADER
fixed length control field 01734nam a2200277 a 4500
001 - CONTROL NUMBER
control field ASIN8175968958
003 - CONTROL NUMBER IDENTIFIER
control field OSt
005 - DATE AND TIME OF LATEST TRANSACTION
control field 20170105102909.0
008 - FIXED-LENGTH DATA ELEMENTS--GENERAL INFORMATION
fixed length control field 131025s2012 xxu eng d
020 ## - INTERNATIONAL STANDARD BOOK NUMBER
International Standard Book Number 8175968958 (paperback)
Terms of availability $55.00
020 ## - INTERNATIONAL STANDARD BOOK NUMBER
International Standard Book Number 9788175968950 (paperback)
040 ## - CATALOGING SOURCE
Original cataloging agency a
050 04 - LIBRARY OF CONGRESS CALL NUMBER
Classification number DS740.5.I5
082 04 - DEWEY DECIMAL CLASSIFICATION NUMBER
Classification number 327.51054
Author Mark RIS 2012
245 14 - TITLE STATEMENT
Title The rise of china :
Remainder of title implications for india /
Statement of responsibility, etc. Harsh V. Pant.
260 ## - PUBLICATION, DISTRIBUTION, ETC.
Place of publication, distribution, etc. [S.l.] :
Name of publisher, distributor, etc. Cambridge University Press India Pvt. Ltd.,
Date of publication, distribution, etc. 2012.
300 ## - PHYSICAL DESCRIPTION
Extent 270 p. ;
Dimensions 23 cm.
520 ## - SUMMARY, ETC.
Summary, etc. The rise of China as an emerging power and as the most likely challenger to the global preponderance of the US is already having a significant impact across the globe. This phenomenon is being debated and analysed at various levels. In India too, it is generating a lot of excitement. On the one hand, it is considered to be an opportunity and on the other, a challenge. This book is an attempt at exploring the multi-dimensional nature of the rise of China and its implications for India. The contributors in this volume have examined various aspects of China's rise such as domestic developments, foreign policy agenda, and its position on issues related to India from an Indian perspective. The book will appeal to undergraduate and graduate students of International Relations across the world. Foreign policy experts, and anyone interested in China-India relations should also find the book to be of interest.
650 #0 - SUBJECT ADDED ENTRY--TOPICAL TERM
Topical term or geographic name entry element China
650 #0 - SUBJECT ADDED ENTRY--TOPICAL TERM
Topical term or geographic name entry element India
650 #0 - SUBJECT ADDED ENTRY--TOPICAL TERM
Topical term or geographic name entry element International relations
650 #0 - SUBJECT ADDED ENTRY--TOPICAL TERM
Topical term or geographic name entry element Political science
700 1# - ADDED ENTRY--PERSONAL NAME
Personal name Pant, Harsh V.
856 40 - ELECTRONIC LOCATION AND ACCESS
Materials specified Amazon.com
Uniform Resource Identifier <a href="http://www.amazon.com/exec/obidos/ASIN/8175968958/chopaconline-20">http://www.amazon.com/exec/obidos/ASIN/8175968958/chopaconline-20</a>
942 ## - ADDED ENTRY ELEMENTS (KOHA)
Source of classification or shelving scheme
Koha item type Book
Holdings
Withdrawn status Lost status Damaged status Not for loan Collection code Permanent Location Current Location Shelving location Date acquired Total Checkouts Full call number Barcode Date last seen Price effective from Koha item type
          Centre for International Peace & Stability (CIPS) Centre for International Peace & Stability (CIPS) General Stacks 10/01/2013   327.51054 RIS 2012 CIPS0001608 10/25/2013 10/25/2013 Book
© 2023 Central Library, National University of Sciences and Technology. All Rights Reserved.